Statistiques concernant Formule 1 - Signes astrologiques des pilotes de 2024

Cliquez ici pour prendre le quiz!

Statistiques générales

  • Ce quiz a été pris 63 fois
    (58 depuis la dernière actualisation)
  • Le résultat moyen est 9 sur 18

Statistiques - réponses

HintRéponse% Correct
Charles LeclercBalance
78%
Lewis HamiltonCapricorne
63%
Lando NorrisScorpion
63%
Pierre GaslyVerseau
61%
Max VerstappenBalance
56%
Fernando AlonsoLion
56%
Carlos Sainz Jr.Vierge
54%
Esteban OconVierge
54%
Oscar PiastriBélier
49%
Daniel RicciardoCancer
46%
Valterri BottasVierge
44%
Kevin MagnussenBalance
41%
Guanyu ZhouGémeaux
39%
Lance StrollScorpion
37%
George RussellVerseau
37%
Sergio PérezVerseau
37%
Nico HülkenbergLion
34%
Yuki TsunodaTaureau
27%

Distribution des résultats

Percentile par nombre de réponses

% des personnes avec chaque résultat

Votre développement - résultats

Vous n’avez pas pris ce quiz depuis la dernière actualisation